Ο Αναγνωστάκης διαβάζει Αναγνωστάκη
Αποθηκεύτηκε σε:
| Κύριος συγγραφέας: | |
|---|---|
| Μορφή: | Ηχητικό |
| Γλώσσα: | Greek |
| Δημοσίευση: |
[Χ.τ.] :
Lyra : Εταιρία Γενικών Εκδόσεων,
p2008.
|
| Σειρά: | Έλληνες ποιητές διαβάζουν έργα τους ;
9 |
| Θέματα: | |
| Ετικέτες: |
Προσθήκη ετικέτας
Δεν υπάρχουν, Καταχωρήστε ετικέτα πρώτοι!
|
MARC
| LEADER | 00000cjm a2200000 i 4500 | ||
|---|---|---|---|
| 001 | 1/5501 | ||
| 008 | 100310s2008 gr ||||||| | | gre|| | ||
| 028 | 0 | 2 | |a 2711602027 |b Lyra |
| 035 | |l 10107184 | ||
| 040 | |a GR-MyUa |b gre |e AACR2 | ||
| 041 | 0 | |a gre | |
| 082 | 7 | |a 889.1 |2 (22) | |
| 100 | 1 | |a Αναγνωστάκης, Μανόλης Α., |d 1925-2005. | |
| 245 | 1 | 2 | |a Ο Αναγνωστάκης διαβάζει Αναγνωστάκη |h [ηχογράφηση]. |
| 260 | |a [Χ.τ.] : |b Lyra : |b Εταιρία Γενικών Εκδόσεων, |c p2008. | ||
| 300 | |a 1 δίσκος CD (31 λεπτ.) : |b ψηφιακός, στέρεο ; |c 4 3/4 ίν. | ||
| 490 | 1 | |a (Έλληνες ποιητές διαβάζουν τα έργα τους ; |v 9) | |
| 505 | 8 | |a 01. Τώρα μιλώ πάλι -- 02. Ο νεκρός -- 03. Το ναυάγιο -- 04. Η απόφαση -- 05. Κάτω απ' τις ράγες -- 06. Οι επίγονοι -- 07. Τώρα είναι απλός θεατής -- 08. Ποιητική -- 09. Στο παιδί μου -- 10. Θεσσαλονίκη, μέρες του 1969 μ.Χ. -- 11. Επιτύμβιον -- 12. Νέοι της Σιδώνος, 1970 -- 13. If -- 14. Αισθηματικό διήγημα (στον Κ. Κουλουφάκο) -- 15. Επίλογος -- 16. Σκυφτοί περάσανε -- 17. Η αγάπη είναι ο φόβος -- 18. Ήρθες όταν εγώ -- 19. Αυτοί δεν είναι οι δρόμοι -- 20. Αντί να φωνασκώ -- 21. Όταν αποχαιρέτησα -- 22. Όχι από 'δώ -- 23. Χρώματα περασμένου δειλινού -- 24. Κι ήθελε ακόμη -- 25. Επίλογος. | |
| 650 | 0 | |a Greek poetry. | |
| 830 | 0 | |a Έλληνες ποιητές διαβάζουν έργα τους ; |v 9 | |
| 852 | |a INST |b SYROS |c AV |e 20100310 |h 889.1 ΑΝΑ |p 005500007789 |q 005500007789 |t CD |y 23 | ||
| 901 | |a BIBL1-2006-1 | ||
| 970 | |a Κοντού |b Παρασκευή |z 10/03/2010 | ||